|
|
|
|
| LEADER |
00000nab a2200000 a 4500 |
| 001 |
vtls000525419 |
| 003 |
SK-MaSNL |
| 005 |
20260304102200.0 |
| 008 |
250426c1994 xo 0 slo |
| 015 |
|
|
|a SNBRB19rr/mm-uuuuu
|
| 035 |
|
|
|a CL0525557
|
| 035 |
|
|
|a urn:nbn:sk:snk-ab1zv4
|
| 035 |
|
|
|a (urnnbn)urn:nbn:sk:snk:ar-a01c3q
|
| 035 |
|
|
|a (uuid)25bdf80d-eadb-403a-a657-9da85672e995
|
| 040 |
|
|
|a SNKBUCL
|b slo
|c SNKBUCL
|e AACR2
|
| 041 |
0 |
|
|a slo
|
| 044 |
|
|
|a xo
|c SK
|
| 080 |
|
|
|a 792.5
|2 1981
|
| 100 |
1 |
|
|a Unger, Pavel,
|d 1951-
|4 aut
|9 340556
|
| 245 |
1 |
0 |
|a Mozart z nadhľadu
|c Pavel Unger
|
| 300 |
|
|
|b Fotogr. 1
|
| 500 |
|
|
|a Réžia Jiří Nekvasil. Dirigent Josef Chaloupka
|
| 600 |
1 |
7 |
|a Mozart, Wolfgang Amadeus,
|d 1756-1791
|t Cosi fan tutte
|2 snkbucl
|9 19206
|
| 610 |
2 |
7 |
|a Opera Mozart (Praha, Česko)
|2 snkbucl
|9 971659
|
| 650 |
0 |
7 |
|a opery
|2 snkbucl
|9 3214
|
| 650 |
0 |
7 |
|a operné inscenácie
|2 snkbucl
|9 3330
|
| 655 |
|
7 |
|a recenzie
|2 snkbucl
|9 21907
|
| 655 |
|
7 |
|a články z novín a časopisov
|2 snkbucl
|9 267496
|
| 700 |
1 |
|
|a Nekvasil, Jiří,
|d 1962-
|4 aut
|9 118438
|
| 700 |
1 |
|
|a Chaloupka, Josef,
|d 1932-2003
|4 aut
|9 134415
|
| 773 |
0 |
|
|t Hudobný život '94
|g Roč. 26, č. 17 (1994), s. 6
|
| 850 |
|
|
|a Slovenská národná knižnica
|
| 852 |
|
|
|a Slovenská národná knižnica
|
| 954 |
|
|
|a odborná, vedecká literatúra pôvodná (slovenská)
|2 lita
|
| 958 |
|
|
|a article27
|
| 958 |
|
|
|a OND
|
| 958 |
|
|
|a EUIPO
|
| 992 |
|
|
|a RBX
|
| 999 |
|
|
|c 2844311
|d 2846241
|